| 000 | 00666nam a2200193 a 4500 | ||
|---|---|---|---|
| 008 | 081209s1998 ||||||||||||||||| || u | ||
| 020 | _a0582302498 | ||
| 050 | _aTA 545 Ban | ||
| 100 | _aBannister, A. (Arthur) | ||
| 245 | 1 | 0 |
_aSurveying. _cA. Bannister, S. Raymond and R. Baker |
| 250 | _a7th ed. | ||
| 260 |
_aHarlow, England _bPearson _c1998 |
||
| 300 | _ax, 502p.: ill. | ||
| 350 | _a0.00 | ||
| 650 | 0 | _aSURVEYING | |
| 700 | _aRaymond, S. (Stanley) | ||
| 700 | _aBaker, R. (Raymond), 1956- | ||
| 995 |
_D0.00 _FCBU-MAIN LIBRARY (Kitwe) _H1 _I0.00 _M1 _UOUT _WJan 29, 2009 _ZMain Library Open Access Collection |
||
| 999 |
_c59185 _d59185 |
||